Trends in the representation theory of finite dimensional algebras : 1997 Joint Summer Research Conference on Trends in the Representation Theory of Finite Dimensional Algebras, July 20-24, 1997, Seattle, Washington /

Guardado en:
Autor Corporativo: Joint Summer Research Conference on Trends in the Representation Theory of Finite Dimensional Algebras Seattle, Wash.)
Otros Autores: Green, Edward L., 1946-, Huisgen-Zimmermann, Birge, 1946-
Formato: Libro
Idioma:English
Publicado: Providence, R.I. : American Mathematical Society, c1998.
Series:Contemporary mathematics (American Mathematical Society) ; v. 229.
Materias:
Etiquetas: Agregar Etiqueta
Sin Etiquetas, Sea el primero en etiquetar este registro!
LEADER 01291cam a2200265 a 4500
001 MAT.inmabb004524
008 980914s1998####riua#####b####100#0#eng##
005 20160321165746.0
245 1 0 |a Trends in the representation theory of finite dimensional algebras :  |b 1997 Joint Summer Research Conference on Trends in the Representation Theory of Finite Dimensional Algebras, July 20-24, 1997, Seattle, Washington /  |c Edward L. Green, Birge Huisgen-Zimmermann, editors. 
260 |a Providence, R.I. :  |b American Mathematical Society,  |c c1998. 
300 |a xiii, 356 p. :  |b il. ;  |c 26 cm. 
490 1 |a Contemporary mathematics,  |x 0271-4132 ;  |v 229 
504 |a Incluye referencias bibliográficas. 
510 4 |a MR,  |c 99i:16003 
020 |a 0821809288 
111 2 |a Joint Summer Research Conference on Trends in the Representation Theory of Finite Dimensional Algebras  |d (1997 :  |c Seattle, Wash.) 
700 1 |a Green, Edward L.,  |d 1946- 
700 1 |a Huisgen-Zimmermann, Birge,  |d 1946- 
830 0 |a Contemporary mathematics (American Mathematical Society) ;  |v v. 229. 
650 0 |a Associative algebras  |x Congresses. 
650 0 |a Representations of algebras  |x Congresses. 
084 |a 16-06 (16Gxx)  |2 MR 
010 |a  98044526  
040 |a DLC  |c DLC  |d DLC 
859 |h 16  |i J74-1997  |p A-8449  |b BIB. MATEMATICA